000 00514nam a2200217 a 4500
999 _c5588
_d5588
001 5588
003 BD-JhCC
005 20171218173742.0
008 171218s r a|||| || | 000 0 eng d
035 _a(BD-JhCC)5588
040 _aBD-JhCC
_dBD-JhCC
041 _aeng
082 _a623.87
_bAKI
100 _aAkimov, P
245 _aMarine Power Plant /
_cP Akimov,
260 _aRussia :
_bPeace Publishers,
300 _a574 p. :
_c22 cm.
650 _aMarine Engines
942 _2ddc
_cBK